Migración, remesas e indicadores económicos en la comunidad andina /
Se presenta una caracterización de los flujos migratorios internacionales de los países andinos y la forma como se han visto afectados los indicadores macroeconómicos de esta región, por efecto de los recursos de las remesas.
Wedi'i Gadw mewn:
| Prif Awdur: | |
|---|---|
| Fformat: | Texto |
| Pynciau: | |
| Tagiau: |
Ychwanegu Tag
Dim Tagiau, Byddwch y cyntaf i dagio'r cofnod hwn!
|
MARC
| LEADER | 00000 a a2200000 04500 | ||
|---|---|---|---|
| 001 | 42114 | ||
| 003 | |||
| 040 | |||
| 100 | |a Neira Orjuela, Fernando | ||
| 245 | |a Migración, remesas e indicadores económicos en la comunidad andina / |c Fernando Neira Orjuela | ||
| 500 | |a ferneira3@yahoo.com.mx | ||
| 520 | |a Se presenta una caracterización de los flujos migratorios internacionales de los países andinos y la forma como se han visto afectados los indicadores macroeconómicos de esta región, por efecto de los recursos de las remesas. | ||
| 590 | |a SJB/MARZO2012 | ||
| 650 | |a REMESAS | ||
| 650 | |a MIGRACION INTERNACIONAL | ||
| 650 | |a INDICADORES ECONOMICOS | ||
| 650 | |a REGION ANDINA | ||
| 650 | |a ESTADOS UNIDOS | ||
| 650 | |a CANADA | ||
| 650 | |a EUROPA | ||
| 773 | |g número49 (2009), páginas 79-96 : tablas, gráficos | ||
| 999 | |c 22510 |d 22510 | ||
